| 000 | 00956nas a2200313 4500 | ||
|---|---|---|---|
| 001 | BR0706966 | ||
| 003 | BR-BrBNA | ||
| 005 | 20231205111326.0 | ||
| 007 | ta | ||
| 008 | 230509b bl.|||p| |||| 00| 00por d | ||
| 040 |
_aBR-BrBNA _bpor _cBiblioteca Nacional de Agricultura |
||
| 041 | _a(Pt) | ||
| 072 | _aL51; L02 | ||
| 100 | 1 | _aKosloski, G.N. | |
| 100 | 1 | _aTrevisan, L.M. | |
| 100 | 1 | _aBonnecarrère, L.M. | |
| 100 | 1 | _aHünter, C.J. | |
| 100 | 1 | _aFlorentini, C.J. | |
| 100 | 1 | _aGalvani, D.B. | |
| 100 | 1 | _aPires, C.C. | |
| 245 | 1 | _aNíveis de fibra em detergente neutro na dieta de cordeiros: consumo, digestibilidade e fermentação ruminal | |
| 650 | _aCORDEIRO | ||
| 650 | _aCONCENTRADO | ||
| 650 | _aFIBRA | ||
| 650 | _aVOLUMOSO | ||
| 773 | 0 |
_tArquivo Brasileiro de Medicina Veterinária e Zootecnia _xISSN 0102-0935 _g(2006), v. 58(5) p. 893-900 _wBR0706966 |
|
| 909 |
_a202311 _bLúcia _c55 _dLúcia Elande |
||
| 942 |
_2AGRIS _n0 _cANA |
||
| 999 |
_c192060 _d192060 |
||